000 00284nam a22001337a 4500
003 SGT
020 _a9788120352131
082 _a004.67,PAC
100 _aPACHGHARE, V.K.
245 _aCLOUD COMPUTING
260 _aNEW DELHI
_bPHI LEARNING
_c2025
300 _a298
942 _2ddc
_cBK
999 _c33290
_d33290